Statistics for Winnie the Pooh Characters Quiz

Click here to take the quiz!

General Stats

  • This quiz has been taken 65 times
  • The average score is 8 of 9

Answer Stats

DescriptionCharacter% Correct
A hyper tiger who bounces on his tailTigger
100%
A yellow bear who loves honeyWinnie the Pooh
100%
A little pig who is best friends with PoohPiglet
98%
The little boy who loves all of the animalsChristopher Robin
93%
A depressed donkeyEeyore
93%
A baby kangarooRoo
92%
A mother kangarooKanga
90%
A bird who thinks he is the smartestOwl
88%
A hopping mammal who likes to keep things neatRabbit
88%

Score Distribution

Percentile by Number Answered

Percent of People with Each Score

Your Score History

You have not taken this quiz